| 000 | 00542nam a22001937a 4500 | ||
|---|---|---|---|
| 999 |
_c526743 _d526743 |
||
| 003 | NUST | ||
| 005 | 20190716053559.0 | ||
| 008 | 190716b ||||| |||| 00| 0 eng d | ||
| 038 | _aFaiza | ||
| 082 |
_a297.692 _bJAF |
||
| 100 |
_aJafri, Raees Ahmad _917736 |
||
| 245 |
_aAnwar E Oliya / _cRaees Ahmad Jafri |
||
| 260 |
_aLahore: _bSheikh Ghulam Ali and Sons, _c1978. |
||
| 300 | _a558p. ; | ||
| 500 | _aHard Cover | ||
| 880 |
_6100-01\r _aرئیس احمد جعفری |
||
| 880 |
_6245-02\r _a /انوارِاولیا |
||
| 942 |
_2ddc _cBK |
||